Conscious education : the bridge to freedom
Αποθηκεύτηκε σε:
| Κύριος συγγραφέας: | |
|---|---|
| Άλλοι συγγραφείς: | , |
| Μορφή: | Βιβλίο |
| Γλώσσα: | English |
| Δημοσίευση: |
Vermont :
Dagaz Press,
1992
|
| Θέματα: | |
| Ετικέτες: |
Προσθήκη ετικέτας
Δεν υπάρχουν, Καταχωρήστε ετικέτα πρώτοι!
|
MARC
| LEADER | 00000nam a2200000 i 4500 | ||
|---|---|---|---|
| 001 | 1/20834 | ||
| 008 | 980430s1992 eng d | ||
| 020 | |a 0-9623783-2-1 | ||
| 035 | |l 10036136 | ||
| 040 | |a GR-MY-UA |b gre |e aacr | ||
| 041 | 0 | |a eng | |
| 082 | 0 | |a 370.2914153 | |
| 100 | 1 | |a Gang, Philip Snow. | |
| 245 | 1 | 0 | |a Conscious education : |b the bridge to freedom / |c Philip Snow Gang, Dorothy J. Maver, Nina Lynn Meyerhof |
| 260 | |a Vermont : |b Dagaz Press, |c 1992 | ||
| 300 | |a 150 p. | ||
| 650 | 0 | 0 | |a Education. |
| 650 | 0 | 0 | |a Spirituality. |
| 650 | 0 | 0 | |a Consciousness. |
| 700 | 1 | |a Maver, Dorothy J. | |
| 700 | 1 | |a Meyerhof, Nina Lynn. | |
| 852 | |a INST |b RHODES |e 19980430 |h 370.2914153 GAN |p 005400006674 |q 005400006674 |t BK |y 0 | ||
| 901 | |a BIBL-1998-1 | ||
| 909 | |a Ρ |b 053868 |c 1998 | ||